000 00632nam a22002177a 4500
005 20150124123051.0
008 121204t sp||||| |||| 00| 0 spa d
020 _a8425401283
050 4 _aBJ1063
_bS56 1999
100 1 _aSimon, René
245 1 0 _aMoral
_c / René Simon ; versión castellana Montserrat Kirchner
250 _a7a. ed.
260 _aBarcelona, España :
_bHerder,
_c1999
300 _a432 p. ;
_c21 cm.
500 _aTraducción de : Morale
504 _aIncluye apéndice, bibliografía y glosario
650 7 _2LEMB
_aÉtica
650 4 _aMoral
700 1 _aKirchner, Montserrat
_etr.
942 _2lcc
_cLIB
999 _c28314
_d28314